00875cam a22002171 45000010005000000030008000050050017000130080039000300350018000690350018000870400041001050410008001460820022001541000036001762450113002122600033003253000047003585040051004056510041004568560160004975268BD-RjUL20211208234035.0131224s1964 nyuab b 001 0 eng a(BD-RjUL)5304 a(OCoLC)234921 aDLCcODaWUdOCoLCdDLCdBD-RjULbeng aeng a330.959bCOE 19641 aCowan, C. D.q(Charles Donald),14aThe economic development of Southeast Asia :bstudies in economic history and political economy /cC D Cowan aNew York :bPraeger ,cc1964 a192 p. :bmaps, diagrs., tables. ;c22 cm. aIncludes bibliographical references and index. 0aSoutheast AsiaxEconomic conditions. uhttp://www.worldcat.org/title/economic-development-of-south-east-asia-studies-in-economic-history-and-political-economy/oclc/61071481&referer=brief_results